01162nam a2200193Ia 4500001001100000003001000011008004100021040002500062041001300087100002900100245008500129250001100214260006300225300001200288500026400300501011400564520026400678650002600942A242-35069IT-CnALBA170116s9999||||xx |||||||||||||| ||und|| aIT-CnALBAcIT-CnALBA aITALIANO aCROISET P. GIOVANNI, SJ. 0aESERCIZI DI PIETÀ. TOMO I. SOPRA TUTTE LE DOMENICHE O FESTE MOBILI DELL'ANNO.  a1a ed. a VENEZIAbBAGLIONI TIPOGRAFIA; EREDI c1794 [1° Ed.:1794] a550 p.  aTRADUZIONE DAL FRANCESE DI CANTURANI S. STORIA DELLA DOMENICA. AVVENTO. VENUTA DEL FIGLIO DI DIO. DIGIUNO PENITENZA ORAZIONE. VITA MONDANA. RIFORMA DI VITA. CONOSCENZA DI GESÙ CRISTO. MEDITAZIONE SULLA VITA E MORTE DI GESÙ. NATALE. SALVEZZA DI CRISTO. EPI aSocietà San Paolo EM - Piazza San Paolo, 14 - 12051 ALBA (CN) (non commercial uses only) ® Copyright 2017 aTRADUZIONE DAL FRANCESE DI CANTURANI S. STORIA DELLA DOMENICA. AVVENTO. VENUTA DEL FIGLIO DI DIO. DIGIUNO PENITENZA ORAZIONE. VITA MONDANA. RIFORMA DI VITA. CONOSCENZA DI GESÙ CRISTO. MEDITAZIONE SULLA VITA E MORTE DI GESÙ. NATALE. SALVEZZA DI CRISTO. EPI aMEDITAZIONI PREGHIERE